000 00355nam a2200121Ia 4500
005 20251222141813.0
008 251222s9999||||xx |||||||||||||| ||spa||
082 _a657.3/F64I
100 _aFlores Soria, Jaime
245 0 _aAnálisis e interpretación de Estados Financieros
264 _bCentro de Especialización de Contabilidad y Finanzas
942 _cLIB
999 _c6535
_d6535